All Axis Powers - Statistics

General Stats
  • This quiz has been taken 91 times
  • The average score is 7 of 9
Answer Stats
Hint Answer % Correct
Axis Empire of Japan
100%
Axis Kingdom of Italy
100%
Axis German Reich
99%
Allie Kingdom of Bulgaria
79%
Allie Kingdom of Hungary
75%
Allie Kingdom of Romania
75%
Allie Finland
60%
Allie Croatia
43%
Allie Slovakia
43%
No matching quizzes found
Score Distribution
Percent of People with Each Score
Percentile by Number Answered
Your Score History
You have not taken this quiz